American Jails

Bibliographic Details
Format: Journal
Language:English
Published: Hagerstown, MD : American Jail Association, 1987-
Subjects:
Online Access:http://www.vlex.com/source/7150

MARC

LEADER 00000nas a22000007a 4500
005 20130312165000.0
007 cr|||| ||||
008 130312c19879999xxubr|p s|||| 0|||a1eng d
022 |a 10560319  
035 |a 7150 
040 |a vLLex 
090 |c 3902  |d 3902 
245 0 0 |a American Jails  |h [Recurso electrn̤ico]  
256 |a Servicio en ln̕ea 
260 |a Hagerstown, MD :  |b American Jail Association,   |c 1987- 
300 |a 1 Recurso electrn̤ico 
506 |d vLex Global  |d vLex Global (Academic Edition, excluding Law Schools)  |d vLex Global (U.S. Academic Edition, Law Schools)  |d vLex Global (U.S. Academic Edition, excluding Law Schools)  |d vLex Global (Academic Edition, Law Schools) 
650 0 4 |a Derecho penitenciario  |v Revistas 
740 |a vLex Revistas (Servicio en ln̕ea) 
856 |a Acceso restringido  |u http://www.vlex.com/source/7150 
942 |c REV 
999 0 |a Correctional law